La gran guerra de Chile y otra que nunca existió
Saved in:
| Hovedforfatter: | |
|---|---|
| Format: | Bog |
| Sprog: | spansk |
| Udgivet: |
Santiago
Sudamericana
2000
|
| Serier: | Colección Crónica y Testimonios
|
| Fag: | |
| Tags: |
Tilføj Tag
Ingen Tags, Vær først til at tagge denne postø!
|
MARC
| LEADER | 00000nam a2200000 a 4500 | ||
|---|---|---|---|
| 001 | UCM1218 | ||
| 003 | CL-VaPUC | ||
| 008 | 020328e20000000CL |||||||||||||||||spa|d | ||
| 082 | 0 | 4 | |a 983.0646 |b TEI |2 21 |
| 100 | 0 | |a Teitelboim, Volodia |e author |9 406422 | |
| 245 | 1 | 3 | |a La gran guerra de Chile y otra que nunca existió |
| 300 | |a 359 p | ||
| 942 | |c BK | ||
| 945 | |d 20020328 00:00:00 |a vberengu | ||
| 260 | |a Santiago |b Sudamericana |c 2000 | ||
| 600 | 0 | |a Pinochet Ugarte, Augusto, |e 1915-2006 |9 374419 | |
| 600 | 0 | |a Allende Gossens, Salvador, |d 1908-1973 |9 257222 | |
| 650 | 7 | |a HISTORIA DE CHILE 1970-1973 |2 CL-VaPUC |9 418252 | |
| 650 | 0 | |a Política y gobierno |9 255151 | |
| 650 | 0 | |a Gobierno militar 1973-1990 |9 458509 | |
| 650 | 7 | |a EXTRADICION |2 CL-VaPUC |9 256292 | |
| 651 | 7 | |a CHILE |2 CL-VaPUC |9 468195 | |
| 583 | |a last modification |c 20020328 00:00:00 |k Rodrigo Vera | ||
| 490 | 0 | |a Colección Crónica y Testimonios | |
| 999 | |c 299817 |d 299815 | ||
| 952 | |0 0 |1 0 |4 0 |6 983_064600000000000_TEI_2000 |7 0 |8 A |9 356769 |a BIBCUR |b BIBCUR |d 2019-11-21 |i 3803260 |l 1 |o 983.0646 TEI 2000 |p 3803260 |r 2025-04-22 |s 2023-10-02 |w 2019-11-21 |y BK |k PER | ||